| 000 | 00590nam a2200157 a 4500 | ||
|---|---|---|---|
| 001 | 000049034 | ||
| 005 | 20201002061612.0 | ||
| 008 | 190715s2006 dr 000 spa d | ||
| 040 |
_aDO-SdBNP _bspa _cBNPHU |
||
| 082 |
_axxx _bS588p |
||
| 100 |
_aSimó, Dennis R. _914023 |
||
| 245 | 0 |
_aPrograma de desarrollo profesional docente :. : _buna experiencia de postgrado accesible como estrategía de cambio y excelencia en la universidad APEC / _cDennis R. Simó, y otros. |
|
| 260 |
_aSanto Domingo, : _bUniversidad APEC, _c2006. |
||
| 300 |
_a48 p. ; _c22 cm. |
||
| 590 | _aInventariado, 2019 / DG | ||
| 999 |
_c48522 _d48522 |
||